000 00838nam a2200229Ia 4500
001 L230-5748
003 IT-CnALBA
008 170116s9999||||xx |||||||||||||| ||und||
040 _aIT-CnALBA
_cIT-CnALBA
041 _aLATINO
100 _aBILLOT G. P.
245 0 _aDE PERSONALI ET ORIGINALI PECCATO.
250 _a6a ed.
260 _aROMA
_bGREGORIANA PONTIFICIA UNIVERSITÀ
_c1931 [1° Ed.: n.d.]
300 _a184 p. (prefazione: 510)
500 _aIL PECCATO. COMMENTI DELL'ATTO PECCAMINOSO. PECCATO VENIALE. PECCATO ORIGINALE.
501 _aSocietà San Paolo EM - Piazza San Paolo, 14 - 12051 ALBA (CN) (non commercial uses only) ® Copyright 2017
520 _aIL PECCATO. COMMENTI DELL'ATTO PECCAMINOSO. PECCATO VENIALE. PECCATO ORIGINALE.
650 _aDOGMATICA CRISTIANA
942 _cBK
957 _71
999 _a6727
_bSI
_g Copie: 1
_c264933
_d264933